Building technology: Mechanical and electrical systems (Record no. 30607)

MARC details
000 -LEADER
fixed length control field 00325nam a2200121Ia 4500
082 ## - DEWEY DECIMAL CLASSIFICATION NUMBER
Classification number 069
Item number MCG
100 ## - MAIN ENTRY--AUTHOR NAME
Personal name McGruinness, W J
245 #0 - TITLE STATEMENT
Title Building technology: Mechanical and electrical systems
260 ## - PUBLICATION, DISTRIBUTION, ETC. (IMPRINT)
Place of publication New york
Name of publisher John Wiley
Year of publication 1977
700 ## - ADDED ENTRY--PERSONAL NAME
Personal name Stein, B
942 ## - ADDED ENTRY ELEMENTS (KOHA)
Koha item type Books
Holdings
Withdrawn status Lost status Damaged status Not for loan Home library Current library Date acquired Cost, normal purchase price Full call number Accession Number Koha item type
        RRII Library RRII Library 16/12/2021 21.00 069 MCG 11178 Books